000 01077nam0a22002531 4500
001 rc\362474
005 20030307123435.1
035 _a(NLR Aleph) 005593219
090 _a6234617
_c6234617
100 _a20030307d1989 u |0rusy50 ca
101 0 _arus
102 _aRU
105 _ay |||||||||
200 1 _aАнализ экономики стран арабского региона
_e[Учеб. пособие для студентов-иностранцев спец. 06.10 и 02.12]
_fМ-во высш. и сред. спец. образования УССР, Учеб.-метод. каб. по высш. образованию, Киев. гос. ун-т им. Т.Г. Шевченко
210 _aКиев
_cУМКВО
_d1989
215 _a50, [1] с.
_d20
320 _aБиблиогр.: с. 50
700 1 _aБыков
_bГ. Н.
_gГеннадий Николаевич
701 1 _aЗагребельный
_bМ. П.
_gМихаил Павлович
801 0 _aRU
_bNLR
_gpsbo
801 1 _aRU
_bELAR
_2rusmarc
852 _aNLR
_j89-4/16539
942 _cBOOK
980 _aNB